[Event "WTCC-50 2018"]
[Site "Radebeul"]
[Date "2018.07.13"]
[Round "7"]
[White "Teo, Kok Siong"]
[Black "Obers, Frits"]
[Result "0-1"]
[WhiteElo "2213"]
[BlackElo "2113"]
[Annotator "NA"]
[PlyCount "52"]
[EventDate "2018.07.07"]
[EventType "team-tourn"]
[EventCountry "GER"]
[SourceTitle "playchess.com"]
[Source "ChessBase"]
[SourceQuality "1"]
[TimeControl "40/5400+30:1800+30"]

1. d4 {[%emt 0:00:00]} Nf6 {[%emt 0:00:00]} 2. c4 {[%emt 0:00:07]} c5 {[%emt 0:00:01]} 3. d5 {[%emt 0:02:14]} e6 {[%emt 0:00:05]} 4. Nc3 {[%emt 0:00:23]} exd5 {[%emt 0:00:06]} 5. cxd5 {[%emt 0:00:08]} d6 {[%emt 0:00:02]} 6. g3 {[%emt 0:01:02]} g6 {[%emt 0:00:10]} 7. Bg2 {[%emt 0:00:20]} Bg7 {[%emt 0:00:05]} 8. Nf3 {[%emt 0:00:29]} O-O {[%emt 0:00:05]} 9. O-O {[%emt 0:00:12]} a6 {[%emt 0:00:08]} 10. a4 {[%emt 0:00:16]} Nbd7 {[%emt 0:01:10]} 11. h3 {[%emt 0:01:41]} Re8 {[%emt 0:00:13]} 12. Nd2 {[%emt 0:01:11]} Rb8 {[%emt 0:00:09]} 13. Nc4 {[%emt 0:01:15]} Ne5 {[%emt 0:00:10]} 14. Na3 {[%emt 0:04:03]} Nh5 {[%emt 0:00:12]} 15. Kh2 {[%emt 0:02:20]} f5 {[%emt 0:01:35]} 16. f4 {[%emt 0:16:59]} Nf7 {[%emt 0:00:06]} 17. Qd3 {[%emt 0:05:19]} Nf6 {[%emt 0:11:08]} 18. Bd2 {[%emt 0:03:43]} Ne4 {[%emt 0:03:22]} 19. Nxe4 {[%emt 0:04:14]} fxe4 {[%emt 0:00:06]} 20. Bxe4 {[%emt 0:02:25]} Qe7 {[%emt 0:01:32]} 21. Bf3 {[%emt 0:03:32]} Bf5 {[%emt 0:03:04]} 22. Qb3 {[%emt 0:05:56]} Qxe2+ {[%emt 0:04:24]} 23. Bxe2 {[%emt 0:00:23]} Rxe2+ {[%emt 0:00:02]} 24. Kg1 {[%emt 0:14:43]} Bd4+ {[%emt 0:05:33]} 25. Rf2 {[%emt 0:04:30]} Bxf2+ {[%emt 0:06:30]} 26. Kg2 {[%emt 0:01:37]} Bd4+ {[%emt 0:04:24]} 0-1

[Event "WTCC-50 2018"]
[Site "Radebeul"]
[Date "2018.07.13"]
[Round "7"]
[White "Schoeneberg, Manfred"]
[Black "Frostick, Clive A"]
[Result "1/2-1/2"]
[WhiteElo "2199"]
[BlackElo "2133"]
[Annotator "NA"]
[PlyCount "29"]
[EventDate "2018.07.07"]
[EventType "team-tourn"]
[EventCountry "GER"]
[SourceTitle "playchess.com"]
[Source "ChessBase"]
[SourceQuality "1"]
[TimeControl "40/5400+30:1800+30"]

1. e4 {[%emt 0:00:00]} c5 {[%emt 0:01:28]} 2. Nc3 {[%emt 0:01:10]} e6 {[%emt 0:02:14]} 3. Nf3 {[%emt 0:01:09]} Nc6 {[%emt 0:00:38]} 4. d4 {[%emt 0:00:56]} cxd4 {[%emt 0:00:27]} 5. Nxd4 {[%emt 0:00:06]} Nf6 {[%emt 0:00:19]} 6. Be3 {[%emt 0:02:04]} Bb4 {[%emt 0:05:19]} 7. Bd3 {[%emt 0:03:23]} d5 {[%emt 0:06:10]} 8. exd5 {[%emt 0:02:04]} Nxd5 {[%emt 0:08:23]} 9. Nxc6 {[%emt 0:01:37]} bxc6 {[%emt 0:29:22]} 10. Bd2 {[%emt 0:00:45]} Nxc3 {[%emt 0:08:29]} 11. bxc3 {[%emt 0:00:40]} Be7 {[%emt 0:05:38]} 12. Rb1 {[%emt 0:02:22]} e5 {[%emt 0:13:04]} 13. O-O {[%emt 0:11:01]} O-O {[%emt 0:05:26]} 14. Qe2 {[%emt 0:08:53]} Qc7 15. Rfe1 1/2-1/2

[Event "WTCC-50 2018"]
[Site "Radebeul"]
[Date "2018.07.13"]
[Round "7"]
[White "Sirotkina, Nina"]
[Black "Boensch, Uwe"]
[Result "0-1"]
[WhiteElo "2175"]
[BlackElo "2560"]
[Annotator "TA"]
[PlyCount "120"]
[EventDate "2018.07.07"]
[EventType "team-tourn"]
[EventCountry "GER"]
[SourceTitle "playchess.com"]
[Source "ChessBase"]
[SourceQuality "1"]

{[%evp 18,120,0,0,8,0,14,0,11,4,18,15,15,6,39,33,38,21,62,62,58,65,63,59,68,64,61,66,60,23,23,30,58,51,74,0,0,0,0,0,0,0,0,-8,-8,-29,-24,-40,-38,-37,-40,-48,-45,-48,-49,-47,-34,-33,-25,-40,-25,-25,-31,-66,-51,-66,-52,-138,-133,-133,-133,-133,-141,-193,-158,-152,-164,-426,-426,-426,-426,-492,-492,-491,-485,-482,-471,-514,-495,-419,-406,-1222,-1140,-1229,-1206,-1345,-1207,-29963,-29962,-29952,-29956,-29959,-29964,-5867,0]} 1. d4 Nf6 2. Bf4 e6 3. e3 d5 4. Nf3 c5 5. c3 Nc6 6. Nbd2 Be7 7. h3 Bd6 {D02: 1 d4 d5 2 Nf3 sidelines, including 2...Nf6 3 g3 and 2...Nf6 3 Bf4} 8. Bxd6 (8. dxc5 Bxc5 9. Bd3 O-O 10. O-O Bd6 11. Bxd6 Qxd6 12. e4 Rd8 13. Bc2 dxe4 14. Nxe4 Qe7 15. Qe2 {1-0 (67) So,W (2778)-Caruana,F (2816) Paris 2018}) 8... Qxd6 9. Bb5 O-O 10. O-O {LiveBook: 7 Games} Rd8 11. Qe2 Bd7 12. Rfd1 $146 ({Predecessor:} 12. Nb3 b6 13. Rad1 a6 14. Bxc6 Bxc6 15. Rfe1 {½-½ (35) Demiral,A (1699)-Genc,C (2213) Kocaeli 2014}) 12... Be8 13. a4 Qe7 14. dxc5 Qxc5 15. e4 h6 16. e5 Nd7 17. Bd3 a5 18. Nb3 Qe7 19. Nbd4 Nxd4 20. Nxd4 Nc5 21. Bc2 Rac8 22. Re1 Qg5 23. Qe3 Qxe3 24. Rxe3 Ra8 25. f4 Ra6 26. Bd3 (26. b4 $16 axb4 27. cxb4) 26... Rb6 $11 27. Bb5 Bxb5 28. axb5 a4 29. Ra2 Nb3 30. Rxa4 Nxd4 31. Rxd4 (31. cxd4 {with more complications.} Rxb5 32. b3 Rc8 33. g4 g6 34. Ra1) 31... Rxb5 {[%mdl 4096] Endgame KRR-KRR} 32. Re2 Ra8 33. Kf2 Ra2 34. b4 Ra3 35. Rc2 Rb6 36. Ke2 Rb3 37. Kd2 Ra6 38. Rd3 Ra1 39. Ke3 b6 40. g3 g5 41. Kf3 Kg7 42. Ke3 (42. fxg5 $15 hxg5 43. Kg4) 42... Rh1 43. fxg5 hxg5 44. Kf3 Kg6 45. Re2 (45. Re3 $17) 45... Kh5 ({But not} 45... Rxh3 46. Kg4 $17) 46. Kg2 Rbb1 47. Rf2 $2 {[#]} (47. Red2) 47... Rbg1+ $19 48. Kf3 Rxh3 49. Ke2 Rgxg3 50. Rxg3 Rxg3 51. Rxf7 Rxc3 {KR-KR} 52. Re7 Rc4 53. Rxe6 Rxb4 54. Re8 (54. Kf2 $142 Kg4 55. Rd6) 54... Re4+ 55. Kf3 Kg6 56. Rb8 Kf5 57. Rxb6 g4+ 58. Kg3 Kxe5 59. Rb8 Kd4 60. Rd8 Ke5 $2 {[%mdl 32768] Precision: White = 48%, Black = 60%. . Sensor Board Error (Ke4/e5)?} ({Black should play} 60... Kc5 $19 61. Rc8+ Kb4 62. Rb8+ Kc3) 0-1

[Event "WTCC-50 2018"]
[Site "Radebeul"]
[Date "2018.07.13"]
[Round "7"]
[White "Jhunjhnuwala, Naresh"]
[Black "Schulz, Klaus-Juergen"]
[Result "1/2-1/2"]
[WhiteElo "2164"]
[BlackElo "2324"]
[Annotator "NA"]
[PlyCount "132"]
[EventDate "2018.07.07"]
[EventType "team-tourn"]
[EventCountry "GER"]
[SourceTitle "playchess.com"]
[Source "ChessBase"]
[SourceQuality "1"]
[TimeControl "40/5400+30:1800+30"]

1. e4 {[%emt 0:00:00]} c5 {[%emt 0:01:49]} 2. Nf3 {[%emt 0:00:08]} e6 {[%emt 0:00:26]} 3. d4 {[%emt 0:00:53]} cxd4 {[%emt 0:00:06]} 4. Nxd4 {[%emt 0:00:05]} Nf6 {[%emt 0:00:06]} 5. Bd3 {[%emt 0:00:27]} Nc6 {[%emt 0:00:36]} 6. c3 {[%emt 0:03:59]} d6 {[%emt 0:42:20]} 7. O-O {[%emt 0:00:20] B40: Sicilian: 2...e6, Unusual lines} Be7 {[%emt 0:00:13]} 8. h3 {[%emt 0:07:08]} (8. f4 O-O 9. Be3 e5 10. Nf5 Bxf5 11. exf5 exf4 12. Bxf4 Qb6+ 13. Kh1 Qxb2 14. Nd2 Qxc3 {0-1 (23) Mudelsee,M (2296)-Abergel,T (2509) Germany 2009}) 8... e5 {[%emt 0:03:33]} 9. Nxc6 {[%emt 0:02:59]} bxc6 {[%emt 0:00:03]} 10. Qe2 $146 {[%emt 0:00:13]} ({Predecessor:} 10. Be3 O-O 11. Nd2 Qc7 12. Qc2 Rb8 13. b3 Be6 14. c4 Nd7 15. Kh1 Bf6 {½-½ (41) Lopez Lazo,A (1760)-Aguilar,J (2274) Ilo Moquegua 2012}) 10... O-O {[%emt 0:05:05]} 11. Rd1 {[%emt 0:02:09]} Qc7 {[%emt 0:01:54]} 12. c4 {[%emt 0:02:12]} Nd7 {[%emt 0:00:45]} 13. Nc3 {[%emt 0:00:32]} Nc5 {[%emt 0:00:08]} 14. Bc2 {[%emt 0:12:12]} Ne6 {[%emt 0:02:13]} 15. Be3 {[%emt 0:00:29]} Bf6 {[%emt 0:00:59]} 16. Qd2 {[%emt 0:05:49]} Nd4 {[%emt 0:02:19]} 17. Bxd4 {[%emt 0:03:04]} exd4 {[%emt 0:00:01]} 18. Ne2 {[%emt 0:00:13]} c5 {[%emt 0:00:02]} 19. Qd3 {[%emt 0:03:42]} g6 {[%emt 0:01:53]} 20. f4 {[%emt 0:01:57]} Bg7 {[%emt 0:00:50]} 21. g4 {[%emt 0:04:54]} Bb7 {[%emt 0:03:15]} 22. Ng3 {[%emt 0:00:46]} Rae8 {[%emt 0:00:15]} 23. Rf1 {[%emt 0:07:36]} Qe7 {[%emt 0:08:08]} 24. Rae1 {[%emt 0:00:24]} Qh4 {[%emt 0:00:38]} 25. Kh2 {[%emt 0:00:49]} Re7 {[%emt 0:02:16]} 26. Re2 {[%emt 0:12:30]} Bc8 {[%emt 0:00:45]} 27. Kg2 {[%emt 0:01:01]} h5 {[%emt 0:00:50]} 28. f5 {[%emt 0:01:12]} hxg4 {[%emt 0:02:30]} 29. hxg4 {[%emt 0:00:14]} Be5 {[%emt 0:00:19]} 30. Qf3 {[%emt 0:00:36]} Bb7 {[%emt 0:06:58]} 31. Rh1 {[%emt 0:06:42]} Qg5 {[%emt 0:04:42]} 32. Nf1 {[%emt 0:04:12]} gxf5 {[%emt 0:04:27]} 33. Qxf5 {[%emt 0:00:15]} Qxf5 {[%emt 0:00:23]} 34. gxf5 {[%emt 0:00:06]} f6 {[%emt 0:00:11]} 35. Kf3 {[%emt 0:01:39]} Rg7 {[%emt 0:00:24]} 36. Rg2 {[%emt 0:04:54]} Rxg2 {[%emt 0:00:40]} 37. Kxg2 {[%emt 0:00:02]} Rf7 {[%emt 0:00:00]} 38. Kf2 {[%emt 0:00:33]} Rg7 {[%emt 0:03:42]} 39. Rg1 {[%emt 0:00:19]} Rxg1 {[%emt 0:01:31]} 40. Kxg1 {[%emt 0:00:02]} Bf4 {[%emt 0:00:11]} 41. Kf2 {[%emt 0:31:58]} Kg7 {[%emt 0:30:25]} 42. Kf3 {[%emt 0:01:35]} Bc1 {[%emt 0:01:05]} 43. b3 {[%emt 0:03:04]} Bc6 {[%emt 0:00:21]} 44. Kg4 {[%emt 0:00:00]} Be8 {[%emt 0:00:00]} 45. Ng3 {[%emt 0:00:00]} Kh6 {[%emt 0:00:00]} 46. Bd3 {[%emt 0:00:00]} Bd2 {[%emt 0:00:00]} 47. e5 {[%emt 0:00:00]} dxe5 {[%emt 0:00:00]} 48. Ne4 {[%emt 0:00:00]} Bh5+ {[%emt 0:00:00]} 49. Kh3 {[%emt 0:00:00]} Bg5 {[%emt 0:00:00]} 50. Nxc5 {[%emt 0:00:00]} Kg7 {[%emt 0:00:00]} (50... Bc1 $11) 51. Ne4 {[%emt 0:00:00]} (51. Ne6+ $16 Kf7 52. c5) 51... Bf3 {[%emt 0:00:50]} 52. b4 {[%emt 0:00:00]} Bxe4 {[%emt 0:01:44]} 53. Bxe4 {[%emt 0:00:00]} Bd2 {[%emt 0:00:48]} 54. a3 {[%emt 0:00:00]} Kf8 $11 {[%emt 0:00:24]} 55. c5 {[%emt 0:00:00]} Ke7 {[%emt 0:01:04]} 56. b5 {[%emt 0:00:00]} Ba5 {[%emt 0:00:22]} 57. Kg4 {[%emt 0:00:00]} Bd8 {[%emt 0:00:50]} 58. Kf3 {[%emt 0:00:00]} Kd7 {[%emt 0:00:16]} 59. Ke2 {[%emt 0:00:00]} Be7 {[%emt 0:00:18]} 60. c6+ {[%emt 0:00:00]} Kc7 {[%emt 0:01:50]} 61. a4 {[%emt 0:00:00]} Bb4 {[%emt 0:00:36]} 62. Kd3 {[%emt 0:00:00]} Ba5 {[%emt 0:00:07]} 63. Kc4 {[%emt 0:00:00]} Kd6 {[%emt 0:00:02]} 64. Bd3 {[%emt 0:03:51]} Be1 {[%emt 0:00:08]} 65. Be4 {[%emt 0:00:57]} Ba5 {[%emt 0:00:06]} 66. Bd3 {[%emt 0:00:41]} Be1 {[%emt 0:00:07] Kxd4 Kd5+} 1/2-1/2

[Event "WTCC-50 2018"]
[Site "Radebeul"]
[Date "2018.07.13"]
[Round "7"]
[White "Limpert, Michael"]
[Black "Schulenburg, Bernd"]
[Result "1-0"]
[WhiteElo "2159"]
[BlackElo "2152"]
[Annotator "NA"]
[PlyCount "57"]
[EventDate "2018.07.07"]
[EventType "team-tourn"]
[EventCountry "GER"]
[SourceTitle "playchess.com"]
[Source "ChessBase"]
[SourceQuality "1"]
[TimeControl "40/5400+30:1800+30"]

1. e4 {[%emt 0:00:04]} e5 {[%emt 0:00:00]} 2. Nf3 {[%emt 0:00:10]} Nc6 {[%emt 0:00:00]} 3. Bc4 {[%emt 0:00:04]} Bc5 {[%emt 0:00:11]} 4. O-O {[%emt 0:00:07]} Nf6 {[%emt 0:00:33]} 5. d4 {[%emt 0:00:10]} exd4 {[%emt 0:03:19]} 6. e5 {[%emt 0:00:12]} d5 {[%emt 0:00:24]} 7. exf6 {[%emt 0:00:10]} dxc4 {[%emt 0:00:08]} 8. fxg7 {[%emt 0:01:42]} Rg8 {[%emt 0:00:09]} 9. Bg5 {[%emt 0:00:15]} Qd6 {[%emt 0:03:25]} 10. Re1+ {[%emt 0:01:45]} Be6 {[%emt 0:01:01]} 11. Nbd2 {[%emt 0:00:18]} Qd7 {[%emt 0:06:51]} 12. Ne4 {[%emt 0:09:50]} Be7 {[%emt 0:00:08]} 13. Nf6+ {[%emt 0:00:22]} Bxf6 {[%emt 0:00:07]} 14. Bxf6 {[%emt 0:00:03]} b6 {[%emt 0:14:04]} 15. Nxd4 {[%emt 0:08:55]} Nxd4 {[%emt 0:08:06]} 16. Qh5 {[%emt 0:00:38]} Rxg7 {[%emt 0:09:33]} 17. Bxg7 {[%emt 0:05:51]} O-O-O {[%emt 0:00:54]} 18. Bxd4 {[%emt 0:00:09]} Qxd4 {[%emt 0:01:25]} 19. Rad1 {[%emt 0:00:49]} Qxb2 {[%emt 0:01:52]} 20. Rxd8+ {[%emt 0:00:16]} Kxd8 {[%emt 0:00:07]} 21. Qxh7 {[%emt 0:00:15]} b5 {[%emt 0:03:23]} 22. Qe4 {[%emt 0:00:36]} b4 {[%emt 0:01:40]} 23. f4 {[%emt 0:02:33]} c6 {[%emt 0:02:27]} 24. Qxc6 {[%emt 0:25:29]} Qxc2 {[%emt 0:01:11]} 25. Qd6+ {[%emt 0:00:54]} Kc8 {[%emt 0:00:34]} 26. Qxb4 {[%emt 0:02:21]} c3 {[%emt 0:00:20]} 27. Qc5+ {[%emt 0:05:00]} Kb7 {[%emt 0:04:42]} 28. f5 {[%emt 0:02:25]} Qd2 {[%emt 0:02:19]} 29. Rb1+ 1-0

[Event "WTCC-50 2018"]
[Site "Radebeul"]
[Date "2018.07.13"]
[Round "7"]
[White "Chan, Peng Kong"]
[Black "Van den Bersselaar, Jeroen"]
[Result "1/2-1/2"]
[WhiteElo "2158"]
[BlackElo "2142"]
[Annotator "NA"]
[PlyCount "33"]
[EventDate "2018.07.07"]
[EventType "team-tourn"]
[EventCountry "GER"]
[SourceTitle "playchess.com"]
[Source "ChessBase"]
[SourceQuality "1"]
[TimeControl "40/5400+30:1800+30"]

1. c4 {[%emt 0:00:00]} e5 {[%emt 0:00:00]} 2. g3 {[%emt 0:00:00]} c6 {[%emt 0:00:13]} 3. d4 {[%emt 0:01:12]} e4 {[%emt 0:00:26]} 4. Nc3 {[%emt 0:02:01]} d5 {[%emt 0:00:28]} 5. Bg2 {[%emt 0:03:30]} Nf6 {[%emt 0:00:56]} 6. Bg5 {[%emt 0:02:42]} Nbd7 {[%emt 0:01:01]} 7. cxd5 {[%emt 0:05:44]} cxd5 {[%emt 0:00:08]} 8. f3 {[%emt 0:01:08]} Qa5 {[%emt 0:19:54]} 9. a3 {[%emt 0:13:20]} h6 {[%emt 0:06:20]} 10. Bxf6 {[%emt 0:03:52]} Nxf6 {[%emt 0:00:07]} 11. Nh3 {[%emt 0:06:21]} exf3 {[%emt 0:08:15]} 12. exf3 {[%emt 0:00:11]} Bd6 {[%emt 0:00:13]} 13. O-O {[%emt 0:00:38]} O-O {[%emt 0:00:31]} 14. Qd2 {[%emt 0:00:30]} Bxh3 {[%emt 0:10:46]} 15. Bxh3 {[%emt 0:00:10]} Rae8 {[%emt 0:00:14]} 16. Rfe1 {[%emt 0:00:18]} a6 {[%emt 0:01:28]} 17. Bf5 {[%emt 0:02:12]} 1/2-1/2

[Event "WTCC-50 2018"]
[Site "Radebeul"]
[Date "2018.07.13"]
[Round "7"]
[White "Sazonova, Elena N"]
[Black "Tischbierek, Raj"]
[Result "0-1"]
[WhiteElo "2146"]
[BlackElo "2436"]
[Annotator "TA"]
[PlyCount "76"]
[EventDate "2018.07.07"]
[EventType "team-tourn"]
[EventCountry "GER"]
[SourceTitle "playchess.com"]
[Source "ChessBase"]
[SourceQuality "1"]

{[%evp 13,76,28,9,-37,-32,-31,0,-39,-31,-50,-21,-19,-22,-20,-17,-35,-12,-12,0,0,0,0,-5,0,26,40,67,70,195,194,185,188,200,190,201,147,133,142,135,142,158,161,162,162,164,158,157,164,159,162,163,158,231,231,201,173,239,181,252,255,258,256,252,244,265]} 1. e4 g6 2. d4 d6 3. Nc3 Nf6 4. h3 a6 5. Nf3 Bg7 6. Be3 O-O 7. Be2 {B08: Pirc Defence: Classical System} (7. a4 Nc6 8. d5 Nb8 9. Bd3 e6 10. dxe6 Bxe6 11. Nd4 d5 12. O-O Nc6 13. Nxc6 bxc6 14. Bd4 dxe4 15. Bxe4 Nxe4 16. Bxg7 Qxd1 17. Rfxd1 Nxf2 18. Bxf8 Nxd1 19. Rxd1 Kxf8 {0-1 (59) Andreikin,D (2712)-Artemiev,V (2697) Moscow 2018}) 7... b5 {LiveBook: 4 Games} 8. a3 Bb7 $1 9. Nd2 {Black is slightly better.} e5 10. d5 c6 $146 {[%cal Rc6d5]} ({Predecessor:} 10... Ne8 11. g4 c5 12. Nf1 Bf6 13. Qd2 Ng7 14. h4 Be7 {½-½ (75) Kuzmin,R (1806)-Kirushin,I (1640) Sochi 2017}) 11. dxc6 Bxc6 12. O-O Nbd7 13. Bf3 Qc7 14. Nb3 Rac8 15. g4 Nb6 16. Bxb6 $1 Qxb6 17. Qxd6 Rfd8 18. Qc5 Qb8 19. Qe3 $1 Rd4 20. Rfd1 $36 {[%mdl 2048] White has some pressure.} ({Not} 20. Nxd4 $2 exd4 21. Qxd4 Nxg4 $19) 20... Nd7 ({Black should play} 20... Rxd1+ $14 21. Rxd1 h6) 21. Nxd4 $18 ({Don't do} 21. Rxd4 exd4 22. Nxd4 Ba8 $16) 21... exd4 22. Rxd4 Bxd4 23. Qxd4 Qf4 24. Qe3 Qxe3 25. fxe3 Ne5 26. Be2 Kg7 27. Rd1 Kf6 28. Kf2 Ke6 29. g5 f6 30. gxf6 Kxf6 31. Kg3 Ke7 32. Rd2 Rb8 (32... h6 $16 33. Nd5+ Kf7) 33. Nd5+ Bxd5 34. Rxd5 Nf7 (34... Nc4 {might work better.} 35. Bxc4 bxc4) 35. Kf4 Rb6 (35... Rc8 $142) 36. e5 Rc6 37. c3 Nd8 38. Bg4 {[#] Threatens to win with Rd7+.} h5 {[%mdl 32768] Precision: White = 76%, Black = 40%. . Loss on Time!?} 0-1

[Event "WTCC-50 2018"]
[Site "Radebeul"]
[Date "2018.07.13"]
[Round "7"]
[White "Page, Mark E"]
[Black "Schultz, Andreas"]
[Result "1-0"]
[WhiteElo "2139"]
[BlackElo "2211"]
[Annotator "NA"]
[PlyCount "93"]
[EventDate "2018.07.07"]
[EventType "team-tourn"]
[EventCountry "GER"]
[SourceTitle "playchess.com"]
[Source "ChessBase"]
[SourceQuality "1"]
[TimeControl "40/5400+30:1800+30"]

1. e4 {[%emt 0:00:00]} e6 {[%emt 0:00:00]} 2. d4 {[%emt 0:00:00]} d5 {[%emt 0:00:00]} 3. exd5 {[%emt 0:00:00]} exd5 {[%emt 0:00:00]} 4. Nf3 {[%emt 0:00:00]} Nf6 {[%emt 0:00:00]} 5. Bd3 {[%emt 0:00:10]} c5 {[%emt 0:00:01] LiveBook: 119 Partien} 6. O-O {[%emt 0:02:33]} c4 {[%emt 0:00:18]} 7. Re1+ {[%emt 0:00:25]} Be7 {[%emt 0:00:10]} 8. Bf1 {[%emt 0:01:24]} O-O {[%emt 0:00:31] C01: French: Exchange Variation} 9. b3 {[%emt 0:00:56]} (9. Bg5) 9... cxb3 {[%emt 0:01:43]} 10. axb3 {[%emt 0:00:08]} Bg4 {[%emt 0:01:24]} 11. h3 {[%emt 0:12:24]} Bh5 {[%emt 0:00:14]} 12. g4 {[%emt 0:07:57]} Bg6 {[%emt 0:00:47]} 13. Ne5 {[%emt 0:01:57]} Nc6 {[%emt 0:11:47]} 14. Nxg6 $146 {[%emt 0:07:35]} ({Predecessor:} 14. Bg2 Re8 15. Bb2 a6 16. Nd2 {0-1 (66) Peng,L (2320)-Razin,V (2379) Lutsk 2018}) 14... hxg6 {[%emt 0:04:05]} 15. Bg2 {[%emt 0:06:21]} Rc8 {[%emt 0:12:51]} 16. Ba3 {[%emt 0:14:07]} Re8 {[%emt 0:06:35]} 17. c3 {[%emt 0:08:36]} a6 {[%emt 0:06:20]} 18. Bxe7 {[%emt 0:09:39]} Rxe7 {[%emt 0:01:42]} 19. Nd2 {[%emt 0:02:26]} Rxe1+ {[%emt 0:02:38]} 20. Qxe1 {[%emt 0:00:09]} Qd6 {[%emt 0:00:31]} 21. Qe3 {[%emt 0:04:35]} Re8 {[%emt 0:03:54]} 22. Qf3 {[%emt 0:02:12]} Qe6 {[%emt 0:01:21]} 23. Rb1 {[%emt 0:06:59]} Re7 {[%emt 0:10:46]} 24. g5 {[%emt 0:03:13]} Ne4 {[%emt 0:15:08]} 25. Nxe4 {[%emt 0:00:41]} dxe4 {[%emt 0:00:54]} 26. Qe3 {[%emt 0:00:22]} f5 {[%emt 0:06:26]} 27. gxf6 {[%emt 0:01:54]} gxf6 {[%emt 0:00:07]} 28. Bf1 {[%emt 0:00:28]} Kh7 {[%emt 0:01:31]} 29. c4 {[%emt 0:00:27]} Qf5 {[%emt 0:03:41]} 30. Be2 {[%emt 0:02:54]} g5 {[%emt 0:00:13]} 31. b4 {[%emt 0:00:36]} Qg6 {[%emt 0:00:44]} 32. b5 {[%emt 0:00:10]} axb5 {[%emt 0:00:08]} 33. cxb5 {[%emt 0:00:29]} Nd8 {[%emt 0:00:38]} 34. Re1 {[%emt 0:03:05]} Rd7 {[%emt 0:02:33]} 35. f3 {[%emt 0:01:35]} f5 {[%emt 0:04:13]} 36. fxe4 {[%emt 0:00:06]} f4 {[%emt 0:00:34]} 37. Qc3 {[%emt 0:00:15]} Qd6 {[%emt 0:01:32]} 38. Rd1 {[%emt 0:00:28]} Ne6 {[%emt 0:00:35]} 39. d5 {[%emt 0:01:24]} Qb6+ {[%emt 0:01:16]} 40. Kg2 {[%emt 0:00:30]} f3+ {[%emt 0:00:21]} 41. Qxf3 {[%emt 0:05:46]} Nf4+ {[%emt 0:01:51]} 42. Kh1 {[%emt 0:02:38]} Rd6 {[%emt 0:02:14]} 43. e5 {[%emt 0:04:51]} Rh6 {[%emt 0:03:29]} 44. Bf1 {[%emt 0:00:13]} Qc5 $18 {[%emt 0:08:14]} 45. d6 {[%emt 0:08:11]} Qxe5 {[%emt 0:00:38]} 46. d7 {[%emt 0:00:17]} Rd6 {[%emt 0:04:24]} 47. d8=Q 1-0

[Event "WTCC-50 2018"]
[Site "Radebeul"]
[Date "2018.07.13"]
[Round "7"]
[White "Barron, Michael"]
[Black "Arkell, Keith C"]
[Result "0-1"]
[WhiteElo "2123"]
[BlackElo "2406"]
[Annotator "NA"]
[PlyCount "114"]
[EventDate "2018.07.07"]
[EventType "team-tourn"]
[EventCountry "GER"]
[SourceTitle "playchess.com"]
[Source "ChessBase"]
[SourceQuality "1"]
[TimeControl "40/5400+30:1800+30"]

1. e4 {[%emt 0:00:00]} c6 {[%emt 0:00:03]} 2. d4 {[%emt 0:00:01]} d5 {[%emt 0:00:06]} 3. Nd2 {[%emt 0:00:07]} dxe4 {[%emt 0:00:06]} 4. Nxe4 {[%emt 0:00:06]} Nd7 {[%emt 0:00:04]} 5. Nf3 {[%emt 0:00:14]} Ngf6 {[%emt 0:00:05]} 6. Nxf6+ {[%emt 0:00:10]} Nxf6 {[%emt 0:00:06]} 7. Bc4 {[%emt 0:00:10]} Bf5 {[%emt 0:00:07]} 8. O-O {[%emt 0:02:15]} e6 {[%emt 0:00:05]} 9. c3 {[%emt 0:00:11]} Be7 {[%emt 0:00:07]} 10. Bd3 {[%emt 0:00:51]} Bxd3 {[%emt 0:00:07]} 11. Qxd3 {[%emt 0:00:02]} O-O {[%emt 0:00:06]} 12. Bg5 {[%emt 0:00:50]} h6 {[%emt 0:00:54]} 13. Bh4 {[%emt 0:01:36]} c5 {[%emt 0:01:30]} 14. Rad1 {[%emt 0:00:13]} Qb6 {[%emt 0:00:40]} 15. Qe2 {[%emt 0:00:48]} Rfd8 {[%emt 0:01:59]} 16. Bg3 {[%emt 0:00:14]} Rac8 {[%emt 0:03:28]} 17. Be5 {[%emt 0:00:12]} a6 {[%emt 0:02:22]} 18. h3 {[%emt 0:02:34]} Qc6 {[%emt 0:01:35]} 19. Rfe1 {[%emt 0:02:30]} b5 {[%emt 0:00:23]} 20. dxc5 {[%emt 0:01:34]} Qxc5 {[%emt 0:00:18]} 21. Bd4 {[%emt 0:02:15]} Qc7 {[%emt 0:02:47]} 22. Ne5 {[%emt 0:00:50]} Bc5 {[%emt 0:04:13]} 23. Bxc5 {[%emt 0:02:54]} Qxc5 {[%emt 0:00:14]} 24. Rd3 {[%emt 0:00:58]} Rxd3 {[%emt 0:01:29]} 25. Nxd3 {[%emt 0:02:49]} Qc4 {[%emt 0:00:27]} 26. Nb4 {[%emt 0:04:08]} Qxe2 {[%emt 0:01:19]} 27. Rxe2 {[%emt 0:00:03]} a5 {[%emt 0:00:08]} 28. Nd3 {[%emt 0:00:16]} Nd5 {[%emt 0:03:17]} 29. f4 {[%emt 0:00:46]} Rd8 {[%emt 0:00:37]} 30. f5 {[%emt 0:03:02]} Ne7 {[%emt 0:05:36]} 31. Ne5 {[%emt 0:03:01]} Nxf5 {[%emt 0:00:24]} 32. Nc6 {[%emt 0:00:23]} Rd1+ {[%emt 0:02:20]} 33. Kf2 {[%emt 0:00:15]} a4 {[%emt 0:00:32]} 34. Re5 {[%emt 0:05:19]} Nd6 {[%emt 0:03:18]} 35. Nd4 {[%emt 0:01:31]} Rb1 {[%emt 0:05:25]} 36. b3 {[%emt 0:01:54]} Rc1 {[%emt 0:06:21]} 37. Nxb5 {[%emt 0:05:48]} Rc2+ {[%emt 0:01:57]} 38. Ke3 {[%emt 0:08:00]} Nxb5 {[%emt 0:03:03]} 39. Rxb5 {[%emt 0:00:02]} Rxc3+ {[%emt 0:00:48]} 40. Kd4 {[%emt 0:00:01]} Rc2 {[%emt 0:00:55]} 41. Ra5 {[%emt 0:31:35]} axb3 {[%emt 0:30:19]} 42. axb3 {[%emt 0:00:02]} Rxg2 {[%emt 0:00:12]} 43. b4 {[%emt 0:00:21]} f5 {[%emt 0:13:29]} 44. b5 {[%emt 0:03:18]} f4 {[%emt 0:01:23]} 45. b6 {[%emt 0:15:49]} Rb2 {[%emt 0:00:10]} 46. Kc5 {[%emt 0:00:03]} f3 {[%emt 0:00:21]} 47. Ra8+ {[%emt 0:00:05]} Kf7 {[%emt 0:00:46]} 48. Ra3 {[%emt 0:02:02]} f2 {[%emt 0:00:27]} 49. Rf3+ {[%emt 0:00:23]} Ke7 {[%emt 0:00:22]} 50. Kc6 {[%emt 0:00:15]} Rc2+ {[%emt 0:01:07]} 51. Kb5 {[%emt 0:00:14]} e5 {[%emt 0:01:01]} 52. b7 {[%emt 0:00:36]} e4 {[%emt 0:03:02]} 53. Rf4 {[%emt 0:00:05]} e3 {[%emt 0:02:39]} 54. b8=Q {[%emt 0:02:46]} Rb2+ {[%emt 0:00:44]} 55. Rb4 {[%emt 0:00:05]} f1=Q+ {[%emt 0:00:10]} 56. Kc6 {[%emt 0:00:55]} Qc1+ {[%emt 0:02:44]} 57. Kd5 {[%emt 0:00:16]} Qd2+ {[%emt 0:00:25]} 0-1